Southville International School and Colleges
Your cart is empty.
  • Cart
  • Lists
    Public lists Eva Luna New books Lux_list list_1
    Your lists Log in to create your own lists
  • Log in to your account
  • Your cookies
  • Search history
Southville International School and Colleges
  • Advanced search
  • Recent comments
  • Most popular
  • Libraries

Log in to your account

Log in with GOOGLE


If you do not have an external account, but do have a local account, you can still log in:

  1. Home
  2. MARC view: George's secret key to the universe /
Normal view MARC view ISBD view

George's secret key to the universe / (Record no. 368678)

[ view plain ]
MARC details
000 -LEADER
fixed length control field 01026nam a22002417a 4500
003 - CONTROL NUMBER IDENTIFIER
control field 0
005 - DATE AND TIME OF LATEST TRANSACTION
control field 20251119155605.0
008 - FIXED-LENGTH DATA ELEMENTS--GENERAL INFORMATION
fixed length control field 251119b xxu||||| |||| 00| 0 eng d
020 ## - INTERNATIONAL STANDARD BOOK NUMBER
International Standard Book Number 1-4169-5462-7
050 ## - LIBRARY OF CONGRESS CALL NUMBER
Classification number PZ 7
Item number .H3134 Geo 2007
100 ## - MAIN ENTRY--PERSONAL NAME
Personal name Hawking, Lucy,
Relator term author.
245 ## - TITLE STATEMENT
Title George's secret key to the universe /
Statement of responsibility, etc Lucy & Stephen Hawking ; with Christophe Galfard ; illustrated by Garry Parsons.
260 ## - PUBLICATION, DISTRIBUTION, ETC. (IMPRINT)
Place of publication, distribution, etc New York :
Name of publisher, distributor, etc Simon & Schuster Books for Young Readers,
Date of publication, distribution, etc 2007.
300 ## - PHYSICAL DESCRIPTION
Extent 297 pages :
Other physical details colored illustrations ;
Dimensions 23 cm.
520 ## - SUMMARY, ETC.
Summary, etc A young boy named George discovers a powerful computer that opens a portal to explore the universe, leading him on a science-filled adventure about space, planets, and black holes.
650 ## - SUBJECT ADDED ENTRY--TOPICAL TERM
Topical term or geographic name as entry element Science fiction.
650 ## - SUBJECT ADDED ENTRY--TOPICAL TERM
Topical term or geographic name as entry element Space and time
Form subdivision Juvenile fiction.
650 ## - SUBJECT ADDED ENTRY--TOPICAL TERM
Topical term or geographic name as entry element Astronomy
Form subdivision Juvenile fiction.
700 ## - ADDED ENTRY--PERSONAL NAME
Personal name Hawking, Stephen,
Relator term author.
700 ## - ADDED ENTRY--PERSONAL NAME
Personal name Galfard, Christophe,
Relator term contributor.
700 ## - ADDED ENTRY--PERSONAL NAME
Personal name Parsons, Garry,
Relator term illustrator.
942 ## - ADDED ENTRY ELEMENTS (KOHA)
Source of classification or shelving scheme Library of Congress Classification
Koha item type Books
Holdings
Withdrawn status Lost status Source of classification or shelving scheme Damaged status Home library Current library Shelving location Date acquired Source of acquisition Sub Shelving location Total Checkouts Full call number Barcode Date last seen Price effective from Koha item type
    Library of Congress Classification   Luxembourg Library Luxembourg Library Fiction Section 11/19/2025 Donation     PZ 7 .H3134 Geo 2007 21508 11/19/2025 11/19/2025 Books

George's secret key to the universe /

APA

Hawking L., Hawking S., Galfard C. & Parsons G. (2007). George's secret key to the universe. New York: Simon & Schuster Books for Young Readers.

Chicago

Hawking Lucy, Hawking Stephen, Galfard Christophe and Parsons Garry. 2007. George's secret key to the universe. New York: Simon & Schuster Books for Young Readers.

Harvard

Hawking L., Hawking S., Galfard C. and Parsons G. (2007). George's secret key to the universe. New York: Simon & Schuster Books for Young Readers.

MLA

Hawking Lucy, Hawking Stephen, Galfard Christophe and Parsons Garry. George's secret key to the universe. New York: Simon & Schuster Books for Young Readers. 2007.

  • Place hold
  • Print
  • Cite
  • Add to your cart (remove)
  • Save record
    BIBTEX Dublin Core MARCXML MARC (non-Unicode/MARC-8) MARC (Unicode/UTF-8) MARC (Unicode/UTF-8, Standard) MODS (XML) RIS
  • More searches
    Search for this title in:
    Other Libraries (WorldCat) Other Databases (Google Scholar) Online Stores (Bookfinder.com) Open Library (openlibrary.org)

Exporting to Dublin Core...

SOUTHVILLE LIBRARY

Southville International School and Colleges Library

1281 Tropical Ave. Cor. Luxembourg St., BF Homes International, Las Pinas City

Tel. No. 8256374 / 252358 Loc. 117/146

Powered by Koha